'Modulation: tread carefully' (Record no. 70668)
[ view plain ]
| 000 -LEADER | |
|---|---|
| fixed length control field | 01086cam a2200217 4500 |
| 001 - CONTROL NUMBER | |
| control field | WB3824-27 |
| 008 - FIXED-LENGTH DATA ELEMENTS--GENERAL INFORMATION | |
| fixed length control field | 020703n2002 000 0 eng u |
| 035 ## - SYSTEM CONTROL NUMBER | |
| System control number | (Sirsi) u118666 |
| 245 ## - TITLE STATEMENT | |
| Title | 'Modulation: tread carefully' |
| 260 ## - PUBLICATION, DISTRIBUTION, ETC. | |
| Date of publication, distribution, etc. | 2002 |
| 490 ## - SERIES STATEMENT | |
| Series statement | RICS Press Release |
| Volume/sequential designation | (pr079) 2 July 2002, (2) |
| 520 ## - SUMMARY, ETC. | |
| Summary, etc. | Research commissioned by RICS demonstrates that modulation, the concept whereby money is transferred away from farm production subsidies into environmental and rural development schemes, will not work. It shows that the policy will do more harm than good to the environment, damage farm incomes and change the balance of production. "The impact of modulation" available at http://www.rics.org/ricscms/bin/show?class=ResearchReports&template=/includes/showresearch.html&id=29 http://www.rics.org/ricscms/bin/show?class=PressRelease&template=/includes/showpr.html&id=761 |
| 590 ## - LOCAL NOTE (RLIN) | |
| Local note | WB |
| 650 ## - SUBJECT ADDED ENTRY--TOPICAL TERM | |
| Topical term or geographic name entry element | MODULATION |
| 650 ## - SUBJECT ADDED ENTRY--TOPICAL TERM | |
| Topical term or geographic name entry element | Environment |
| 9 (RLIN) | 6238 |
| 650 ## - SUBJECT ADDED ENTRY--TOPICAL TERM | |
| Topical term or geographic name entry element | FARMING INDUSTRY |
| 650 ## - SUBJECT ADDED ENTRY--TOPICAL TERM | |
| Topical term or geographic name entry element | RICS |
| 650 ## - SUBJECT ADDED ENTRY--TOPICAL TERM | |
| Topical term or geographic name entry element | RURAL ECONOMY |
| 690 ## - LOCAL SUBJECT ADDED ENTRY--TOPICAL TERM (OCLC, RLIN) | |
| Topical term or geographic name as entry element | RURAL |
| 9 (RLIN) | 6268 |
| 942 ## - ADDED ENTRY ELEMENTS (KOHA) | |
| Suppress in OPAC | 0 |
| Withdrawn status | Lost status | Source of classification or shelving scheme | Damaged status | Not for loan | Home library | Current library | Shelving location | Date acquired | Total Checkouts | Full call number | Barcode | Date last seen | Copy number | Price effective from | Koha item type |
|---|---|---|---|---|---|---|---|---|---|---|---|---|---|---|---|
| Dewey Decimal Classification | London | London | News article | 03/07/2002 | WB3824-27 | 118666-1001 | 06/08/2019 | 1 | 06/08/2019 | News article |